[Event "North American-ch U10 Girls"]
[Site "Montreal"]
[Date "2010.08.16"]
[Round "2"]
[White "Liu, Jiaxin"]
[Black "Zhao, Jiayun"]
[Result "1/2-1/2"]
[WhiteElo "1221"]
[BlackElo "1131"]
[PlyCount "76"]
[EventDate "2010.08.16"]
[EventType "swiss"]
[EventRounds "7"]
[EventCountry "CAN"]
[SourceTitle "EXT 2013"]
[Source "ChessBase"]
[SourceDate "2012.11.22"]
[SourceVersion "1"]
[SourceVersionDate "2012.11.22"]
[SourceQuality "1"]

1. e4 e5 2. Nf3 Nc6 3. Bc4 Be7 4. 0-0 Nf6 5. Nc3 0-0 6. d3 h6 7. h3 d6 8. Be3 Be6 9. Bb3 d5 10. exd5 Nxd5 11. Nxd5 Bxd5 12. Re1 Bxb3 13. axb3 Re8 14. Bd2 Bd6 15. Bc3 Nd4 16. Nxd4 exd4 17. Rxe8+ Qxe8 18. Bxd4 c5 19. Bc3 Be5 20. Qf3 Bxc3 21. bxc3 Qc6 22. Qxc6 bxc6 23. Ra5 Re8 24. Rxc5 Re1+ 25. Kh2 Re2 26. Kg3 Rxc2 27. Rxc6 Rd2 28. d4 Rd3+ 29. Kf4 Kf8 30. Ke4 Rd2 31. Ke3 Rc2 32. Rc7 g6 33. d5 Ke8 34. d6 f5 35. g4 fxg4 36. hxg4 h5 37. gxh5 gxh5 38. Rc4 Kd7 1/2-1/2